Sports Quiz

Random Sports or Baseball Quiz

Players who recorded 2+ hits in an All-Star Game Quiz Stats

 Plays Quiz not verified by Sporcle

Challenge
Share
Tweet
Embed
Score 0/264 Timer 20:00
0 Plays Today
Year Player % Correct
1991Cal (Jr.) Ripken
100%
1995Cal (Jr.) Ripken
100%
2014Derek Jeter
100%
2014Mike Trout
100%
1941Ted Williams
98.1%
1946Ted Williams
98.1%
1947Ted Williams
98.1%
1955Willie Mays
98.1%
1957Willie Mays
98.1%
1960 (1)Willie Mays
98.1%
1960 (2)Willie Mays
98.1%
1961 (1)Willie Mays
98.1%
1962 (2)Willie Mays
98.1%
1933Babe Ruth
96.2%
1954Mickey Mantle
96.2%
1955Hank Aaron
96.2%
1955Mickey Mantle
96.2%
1959 (1)Hank Aaron
96.2%
1969Cleon Jones
96.2%
1975Pete Rose
96.2%
1976Pete Rose
96.2%
1980Ken (Sr.) Griffey
96.2%
1991Ken (Jr.) Griffey
96.2%
1992Ken (Jr.) Griffey
96.2%
1994Ken (Jr.) Griffey
96.2%
1998Ken (Jr.) Griffey
96.2%
2000Chipper Jones
96.2%
2003Andruw Jones
96.2%
1948Stan Musial
94.2%
1949Stan Musial
94.2%
1951Stan Musial
94.2%
1953Stan Musial
94.2%
1954Stan Musial
94.2%
1973Bobby Bonds
94.2%
1993Barry Bonds
94.2%
1994Frank Thomas
94.2%
2004Albert Pujols
94.2%
2008Albert Pujols
94.2%
1978George Brett
92.3%
1982George Brett
92.3%
1983George Brett
92.3%
1991Tony Gwynn
92.3%
1994Tony Gwynn
92.3%
1994Ivan Rodriguez
92.3%
1998Alex Rodriguez
92.3%
1998Ivan Rodriguez
92.3%
2004Ivan Rodriguez
92.3%
1937Lou Gehrig
90.4%
1951Jackie Robinson
90.4%
1959 (2)Frank Robinson
90.4%
1963Brooks Robinson
90.4%
1964Brooks Robinson
90.4%
1966Brooks Robinson
90.4%
1970Brooks Robinson
90.4%
1972Reggie Jackson
90.4%
1989Bo Jackson
90.4%
2007Ichiro Suzuki
90.4%
2010David Wright
90.4%
1942Joe DiMaggio
88.5%
1943Vince DiMaggio
88.5%
1949Dom DiMaggio
88.5%
1949Joe DiMaggio
88.5%
1981Gary Carter
88.5%
1992Joe Carter
88.5%
2002Manny Ramirez
88.5%
2008Hanley Ramirez
88.5%
1954Yogi Berra
86.5%
1956Yogi Berra
86.5%
1959 (1)Ernie Banks
86.5%
1960 (1)Ernie Banks
86.5%
1965Ernie Banks
86.5%
1969Johnny Bench
86.5%
1971Johnny Bench
86.5%
1974Johnny Bench
86.5%
1979Mike Schmidt
86.5%
1981Mike Schmidt
86.5%
2000Derek Jeter
86.5%
2004Derek Jeter
86.5%
2008Justin Morneau
86.5%
1956Nellie Fox
84.6%
1958Nellie Fox
84.6%
1959 (1)Nellie Fox
84.6%
1959 (2)Nellie Fox
84.6%
1983Jim Rice
84.6%
2005David Ortiz
84.6%
Year Player % Correct
1961 (1)Roberto Clemente
82.7%
1962 (1)Roberto Clemente
82.7%
1966Roberto Clemente
82.7%
1969Willie McCovey
82.7%
1994Jeff Bagwell
82.7%
2007Jose Reyes
82.7%
1965Willie Stargell
80.8%
1990Wade Boggs
80.8%
1997Edgar Martinez
80.8%
2014Aramis Ramirez
80%
2015Lorenzo Cain
80%
1934Jimmie Foxx
78.8%
1935Jimmie Foxx
78.8%
1957Al Kaline
78.8%
1961 (2)Al Kaline
78.8%
1939Mel Ott
76.9%
1982Rickey Henderson
76.9%
1984Dale Murphy
76.9%
1998Rafael Palmeiro
76.9%
1996Lance Johnson
75%
1967Carl Yastrzemski
73.1%
1970Carl Yastrzemski
73.1%
1977Dave Winfield
73.1%
1979Carl Yastrzemski
73.1%
1983Dave Winfield
73.1%
1994Will Clark
73.1%
2002Paul Konerko
73.1%
2006Paul Konerko
73.1%
2012Ryan Braun
71.4%
2012Melky Cabrera
71.4%
1978Rod Carew
71.2%
1980Rod Carew
71.2%
1983Rod Carew
71.2%
1987Dwight Evans
71.2%
1987Tim Raines
71.2%
1990Sandy (Jr.) Alomar
71.2%
1996Mike Piazza
71.2%
1997Brady Anderson
71.2%
1998Roberto Alomar
71.2%
2003Garret Anderson
71.2%
1989Kevin Mitchell
69.2%
1993Gary Sheffield
69.2%
1954Duke Snider
67.3%
1964Harmon Killebrew
67.3%
1973Willie Davis
67.3%
1993Kirby Puckett
67.3%
2002Jimmy Rollins
67.3%
2006Carlos Beltran
67.3%
1961 (2)Bill White
65.4%
1984Lou Whitaker
65.4%
1996Kenny Lofton
65.4%
1998Devon White
65.4%
2008J.D. Drew
61.5%
1992John Kruk
59.6%
1989Bobby Bonilla
55.8%
1991Bobby Bonilla
55.8%
1950Ralph Kiner
53.8%
1950Phil Rizzuto
53.8%
1934Charlie Gehringer
50%
1935Charlie Gehringer
50%
1936Charlie Gehringer
50%
1937Charlie Gehringer
50%
1947Johnny Mize
50%
1954Ted Kluszewski
50%
1955Ted Kluszewski
50%
1956Ted Kluszewski
50%
1992Fred McGriff
48.1%
2001Magglio Ordonez
48.1%
1944Dixie Walker
46.2%
1937Bill Dickey
44.2%
1940Luke Appling
44.2%
1974Steve Garvey
44.2%
1975Steve Garvey
44.2%
1978Steve Garvey
44.2%
2002Mike Lowell
44.2%
1953Pee Wee Reese
42.3%
1962 (2)Leon Wagner
42.3%
1963Leon Wagner
42.3%
1980Willie Randolph
42.3%
1989Ruben Sierra
42.3%
1934Al Simmons
40.4%
1935Al Simmons
40.4%
1937Joe Medwick
40.4%
1956Ken Boyer
40.4%
1964Ken Boyer
40.4%
Year Player % Correct
1967Tony Oliva
40.4%
1969Matty Alou
40.4%
1950Enos Slaughter
38.5%
1953Enos Slaughter
38.5%
1980Keith Hernandez
38.5%
1948Richie Ashburn
34.6%
1951Richie Ashburn
34.6%
1995Carlos Baerga
34.6%
1943Bobby Doerr
32.7%
2002Damian Miller
32.7%
2004Alfonso Soriano
32.7%
2008Miguel Tejada
32.7%
1933Bill Terry
30.8%
1937Arky Vaughan
30.8%
1941Arky Vaughan
30.8%
1951Gil Hodges
30.8%
1933Frankie Frisch
28.8%
1934Frankie Frisch
28.8%
1979Don Baylor
28.8%
1976Rusty Staub
26.9%
1992Robin Ventura
26.9%
1941Lou Boudreau
25%
1953Minnie Minoso
25%
1954Minnie Minoso
25%
1978Larry Bowa
25%
1982Al Oliver
25%
1936Billy Herman
23.1%
1937Billy Herman
23.1%
1938Ernie Lombardi
23.1%
1939Ernie Lombardi
23.1%
1940Billy Herman
23.1%
1941Billy Herman
23.1%
1943Billy Herman
23.1%
1955Red Schoendienst
23.1%
1967Tim McCarver
23.1%
1970Willie Horton
23.1%
1973Amos Otis
23.1%
1934Joe Cronin
21.2%
1934Pie Traynor
21.2%
1938Joe Cronin
21.2%
1946Vern Stephens
21.2%
1950Larry Doby
21.2%
1954Al Rosen
21.2%
1975Bert Campaneris
21.2%
1981Ken Singleton
21.2%
2014Jonathan Lucroy
20%
1949George Kell
19.2%
1962 (2)Dick Groat
19.2%
1969Bill Freehan
19.2%
1992Bip Roberts
19.2%
1944Walker Cooper
17.3%
1957Bill Skowron
17.3%
1959 (1)Bill Skowron
17.3%
1960 (1)Joe Adcock
17.3%
1970Bud Harrelson
17.3%
1981Bucky Dent
17.3%
1965Dick McAuliffe
15.4%
1956Johnny Temple
13.5%
1970Don Kessinger
13.5%
1954Bobby Avila
11.5%
1998Walt Weiss
11.5%
1937Red Rolfe
9.6%
1956Roy McMillan
9.6%
1960 (1)Del Crandall
9.6%
1943Stan Hack
7.7%
1944Phil Cavarretta
7.7%
1955Chico Carrasquel
7.7%
1933Jimmy Dykes
5.8%
1944Connie Ryan
5.8%
1949Birdie Tebbetts
5.8%
1963Albie Pearson
5.8%
1977Richie Zisk
5.8%
1950Andy Pafko
3.8%
1960 (2)Ron Hansen
3.8%
1943Dick Wakefield
1.9%
1944Stan Spence
1.9%
1948George McQuinn
1.9%
1949Eddie Kazak
1.9%
2016Jackie (Jr.) Bradley
0%
2016Eric Hosmer
0%
2016Daniel Murphy
0%
2017Yonder Alonso
0%
2017Nolan Arenado
0%
2017Jose Ramirez
0%

You're not logged in!

Compare scores with friends on all Sporcle quizzes.
Join for Free
OR
Log In

You Might Also Like...

Show Comments

Extras

Top Quizzes Today


Score Distribution

Your Account Isn't Verified!

In order to create a playlist on Sporcle, you need to verify the email address you used during registration. Go to your Sporcle Settings to finish the process.

Report this User

Report this user for behavior that violates our Community Guidelines.

Details: